Desde las grietas del 83 : luchas barriales femeninas /

Detalles Bibliográficos
Autor principal: Córdoba, Andrés, (Andrés Alejandro) (Autor)
Formato: Electrónico eBook
Lenguaje:español
Publicado: Popayán, Colombia : Editorial Universidad del Cauca, 2022.
Edición:Primera edición en español.
Materias:
Acceso en línea:Digitalia Hispánica

MARC

LEADER 00000nam a2200000 i 4500
001 DIGUCAUCA0137
003 NyNyDIG
006 m o d
007 cr |||||||||||
008 231008s2022 ck ab ob 001 0 spa d
035 |a (OCoLC)1394135236 
040 |a DGITA  |b eng  |e rda  |e pn  |c DGITA 
020 |a 9789587325720  |q digital 
020 |z 9789587325713  |q impreso 
043 |a s-ck--- 
050 1 4 |a HV600 1983.C7 ebook 
100 1 |a Córdoba, Andrés,  |q (Andrés Alejandro),  |e author. 
245 1 0 |a Desde las grietas del 83 :  |b luchas barriales femeninas /  |c Andrés Alejandro Córdoba Calvo. 
250 |a Primera edición en español. 
264 1 |a Popayán, Colombia :  |b Editorial Universidad del Cauca,  |c 2022. 
300 |a 1 online resource :  |b illustrations, maps. 
336 |a text  |b txt  |2 rdacontent 
337 |a computer file  |b c  |2 rdamedia 
338 |a online resource  |b cr  |2 rdacarrier 
347 |a text file  |2 rdaft 
347 |b PDF 
504 |a Includes bibliographical references and Index. 
588 0 |a Online resource; title from PDF title page (Digitalia, viewed October 8, 2023) 
650 0 |a Women in disaster relief  |z Colombia  |y 20th century. 
650 0 |a Earthquakes  |x Social aspects  |z Colombia  |y 20th century. 
651 0 |a Popayán (Colombia)  |y 20th century. 
776 0 8 |i Print version:  |a Córdoba, Andrés.  |t Desde las grietas del 83.  |b Primera edición en español.  |d Popayán, Colombia : Editorial Universidad del Cauca, 2022  |z 9789587325713 
791 2 |a Digitalia (Firm),  |e distributor. 
793 0 |g Digitalia eBook Collection:  |a Universidad del Cauca 
856 4 0 |3 Digitalia Hispánica  |u https://www.digitaliapublishing.com/a/129852/ 
910 |a Premium collection: 2023